LEADER 03065nam0-22005411i-450- 001 990000143300203316 005 20090715093648.0 011 $a0303-402X 035 $a0014330 035 $aUSA010014330 035 $a(ALEPH)000014330USA01 035 $a0014330 100 $a19960308a----9999km-y0itay0103----ba 101 0 $aeng 102 $aGE 110 $aafa----0--1 200 1 $aColloid & polymer science$dKolloid - Zeitschrift und Zetischrift für Polymere$eofficial journal of the Kolloid - Gelleschaft 210 $aBerlin [etc.]$cSpringer-Verlag 215 $av.$cill. 300 $aComincia nel 1906 326 $aMensile 422 $100100105269$12001$aProgress in Colloid and Polymer Science 606 $aChimica$xPeriodici 676 $a547 801 $aSistema bibliotecario di Ateneo dell' Università di Salerno$gRICA 856 4 $uhttp://springerlink.metapress.com/content/101551/?p=52266f3fce6f43cb908516bb62d75848&pi=101$4.$zOnline da workstation autorizzate 912 $a990000143300203316 958 $aTEC$bFondo$c271(1993)-286(2008); 959 $aSE 979 $c19960308 979 $c20001110$lUSA01$h1712 979 $aJOHNNY$b90$c20020207$lUSA01$h1302 979 $aJOHNNY$b90$c20020321$lUSA01$h1419 979 $c20020403$lUSA01$h1622 979 $aPATRY$b90$c20040406$lUSA01$h1610 979 $aVITTORIANA$b90$c20090715$lUSA01$h0934 979 $aVITTORIANA$b90$c20090715$lUSA01$h0936 996 $aColloid & polymer science$9881348 997 $aUNISA Z30 2$lUSA50$LAdministrative$mISSBD$1TEC$ATEC$3Chim F$616680 Ing$5B1011$820021209$a2001$b279$c1$f09$FNON Prestabile$hVol.279, nn. 1-12 (2001)$i20010115$j20010122$k20020218 Z30 2$lUSA50$LAdministrative$mISSBD$1TEC$ATEC$3Chim F$616848 Ing$5B3777$820030626$a2002$b280$c1$f09$FNON Prestabile$hVol.280, nn. 1-12 (2002)$i20020115$j20020122$k20020325 Z30 2$lUSA50$LAdministrative$mISSBD$1TEC$ATEC$3Chim F$617419 Ing$5B37886$820031128$a2003$b281$c1$f09$FNON Prestabile$hVol.281, nn. 1-12 (2003)$i20030115$j20030122$k20030612 Z30 2$lUSA50$LAdministrative$mISSUE$1TEC$ATEC$3CHIM F$514330-400$820031125$a2004$b282$c1$f09$FNON Prestabile$hVol.282, n. 1 (2004)$i20040115$j20040122$k20040317 Z30 2$lUSA50$LAdministrative$mISSUE$1TEC$ATEC$3CHIM F$514330-420$820040317$a2004$b282$c2$f09$FNON Prestabile$hVol.282, n. 2 (2004)$i20040215$j20040222$k20040317 Z30 2$lUSA50$LAdministrative$mISSUE$1TEC$ATEC$3CHIM F$514330-430$820040317$a2004$b282$c3$f09$FNON Prestabile$hVol.282, n. 3 (2004)$i20040315$j20040322$k20040317 Z30 2$lUSA50$LAdministrative$mISSUE$1TEC$ATEC$3CHIM F$514330-440$820040317$a2004$b282$c4$f09$FNON Prestabile$hVol.282, n. 4 (2004)$i20040415$j20040422$k20040317 Z30 2$lUSA50$LAdministrative$mISSUE$1TEC$ATEC$3CHIM F$514330-450$820040317$a2004$b282$c5$f09$FNON Prestabile$hVol.282, n. 5 (2004)$i20040515$j20040522$k20040323 Z30 2$lUSA50$LAdministrative$mISSUE$1TEC$ATEC$3CHIM F$514330-460$820040323$a2004$b282$c6$f09$FNON Prestabile$hVol.282, n. 6 (2004)$i20040615$j20040622 LEADER 02064oam 2200493Ia 450 001 9910701570603321 005 20120427120302.0 035 $a(CKB)5470000002419380 035 $a(OCoLC)213360504 035 $a(EXLCZ)995470000002419380 100 $a20080312d2006 ua 0 101 0 $aeng 135 $aurmn||||||||| 181 $ctxt$2rdacontent 182 $cc$2rdamedia 183 $acr$2rdacarrier 200 10$aBehavior of fiber-reinforced polymer composite piles under vertical loads$b[electronic resource] /$f[Ilan Juran and Uri Komornik] 210 1$aMcLean, VA :$cU.S. Dept. of Transportation, Federal Highway Administration, Research, Development, and Technology, Turner-Fairbank Highway Research Center,$d[2006] 215 $a1 online resource (100 unnumbered pages) $cillustrations (some color) 300 $aTitle from title screen (viewed on Apr. 27, 2012). 300 $a"August 2006." 300 $a"Performing organization, Urban Utility Center, Polytechnic University"--Rept. documentation p. 300 $a"Publication No. FHWA-HRT-04-107." 300 $a"HRDI-06/08-06(1M)E"--P. [100]. 320 $aIncludes bibliographical references (pages 85-89). 517 3 $aBehavior of fiber-reinforced polymer (FRP) composite piles under vertical loads 606 $aPiling (Civil engineering) 606 $aFibrous composites 606 $aLoad factor design 615 0$aPiling (Civil engineering) 615 0$aFibrous composites. 615 0$aLoad factor design. 700 $aJuran$b Ilan$01393219 712 02$aUnited States.$bFederal Highway Administration.$bOffice of Infrastructure Research and Development. 712 02$aPolytechnic University (Brooklyn, New York, N.Y.).$bUrban Utility Center. 712 02$aTurner-Fairbank Highway Research Center. 801 0$bFHATR 801 1$bFHATR 801 2$bOCLCQ 801 2$bGPO 906 $aBOOK 912 $a9910701570603321 996 $aBehavior of fiber-reinforced polymer composite piles under vertical loads$93449090 997 $aUNINA